000 00495nam a2200157 i 4500
001 74353
003 ES-MaACL
005 20230906172113.0
007 t|
008 040917s1969 sp ||||1| spa d
100 1 _aGonzález Núñez, Angel.
_958843
245 1 0 _aProfetismo y sacerdocio
_b: profetas, sacertotes y Reyes en el Antiguo Israel /
_cAngel González Núñez.
260 _aMadrid :
_bCasa de la Biblia,
_c1969.
300 _a366 p. ;
_c21 cm.
852 _aES-MaACL
_jC-36785
_bR.70699
999 _c74353
_d74353